Entry Nombre personal
001 - NÚMERO DE CONTROL
- campo de control: 161682
003 - IDENTIFICADOR DE NÚMERO DE CONTROL
- campo de control: SpMaBN
005 - FECHA Y HORA DE LA ÚLTIMA TRANSACCIÓN
- campo de control: 20230503162413.0
008 - ELEMENTOS DE DATO DE LONGITUD-FIJA
- campo de control de longitud fija: 930725n| aijnnaabn a aaa
016 ## - NÚMERO DE CONTROL DE UNA AGENCIA BIBLIOGRÁFICA NACIONAL
- Número de control del registro: BNE19996674597
024 7# - IDENTIFICADOR DE OTROS ESTÁNDARES
- Número estándar o código: http://www.wikidata.org/entity/Q5819752
- Fuente: wikidata
024 7# - IDENTIFICADOR DE OTROS ESTÁNDARES
- Número estándar o código: http://viaf.org/viaf/87127474/
- Fuente: viaf
024 7# - IDENTIFICADOR DE OTROS ESTÁNDARES
- Número estándar o código: https://isni.org/isni/0000000066379368
- Fuente: isni
040 ## - FUENTE DE CATALOGACIÓN
- Centro catalogador/agencia de origen: SpMaBN
- Lengua de catalogación: spa
- Centro/agencia transcriptor: ES-MaACL
- Normas de descripción: rdc
- Convención/Normas de encabezamiento de materia/tesauro: embne
046 ## - FECHAS CON CODIFICACIÓN ESPECIAL
- Fecha de nacimiento: 1859
- Fecha de la muerte: 1898
100 1# - ENCABEZAMIENTO-NOMBRE DE PERSONA
- Nombre de persona: Sáenz Hermúa, Eduardo,
- Fechas asociadas al nombre: 1859-1898
368 ## - OTROS ATRIBUTOS DE PERSONA O ENTIDAD CORPORATIVA
- Otra designación: Mecachis
370 ## - LUGAR ASOCIADO
- Lugar de nacimiento: España, Madrid (Comunidad Autónoma), Madrid
370 ## - LUGAR ASOCIADO
- Lugar de fallecimiento: España, Madrid (Comunidad Autónoma), Madrid
374 ## - OCUPACIÓN
- Ocupación: Historietistas
- Ocupación: Caricaturistas
- Ocupación: Ilustradores
- Fuente de información: Wikidata
375 ## - GÉNERO/SEXO
- Género: Masculino
- Fuente de información: Wikidata
377 ## - IDIOMA ASOCIADO
- Término de lengua/lenguaje: Español
400 0# - TRAZADO DE VÉASE--NOMBRE DE PERSONA
- Nombre de persona: Mecachis,
- Fechas asociadas al nombre: 1859-1898
670 ## - FUENTE DE DATOS ENCONTRADOS
- Cita de la fuente: Catálogo del teatro lírico español en la Biblioteca Nacional, 1991;
- Información encontrada: (Sáenz Hermúa, Eduardo)
670 ## - FUENTE DE DATOS ENCONTRADOS
- Cita de la fuente: Tila, 1892;
- Información encontrada: port. (letra de Eduardo Sáenz Hermúa)
670 ## - FUENTE DE DATOS ENCONTRADOS
- Cita de la fuente: Enc. universal ilustrada, Espasa Calpe, 1958;
- Información encontrada: (Sáenz Hermúa (Eduardo); n. en Madrid en 1859, m. en Madrid en 1898; caricaturista y escritor español; utilizó el seudónimo de Mecachis)
670 ## - FUENTE DE DATOS ENCONTRADOS
- Cita de la fuente: WWW Wikipedia, 13-12-2022(Eduardo Sáenz-Hermúa (Madrid, 1859-Madrid, 1898), conocido por su pseudónimo «Mecachis», fue un ilustrador, caricaturista, humorista gráfico y escritor español);
- Identificador Uniforme de Recursos: https://es.wikipedia.org/wiki/Eduardo_S%C3%A1enz_Herm%C3%BAa
670 ## - FUENTE DE DATOS ENCONTRADOS
- Cita de la fuente: WWW Bn España aut., 3-5-2023;
- Información encontrada: (1859-1898)
955 ## - CATALOGADOR - EDICIÓN
- Nombre del catalogador: Inmaculada Vicente Garcia
